Normal view
MARC view
- George, Elizabeth,
Entry Personal Name
001 - CONTROL NUMBER
- control field: 27377
003 - CONTROL NUMBER IDENTIFIER
- control field: NUST
005 - DATE AND TIME OF LATEST TRANSACTION
- control field: 20200107152411.0
008 - FIXED-LENGTH DATA ELEMENTS
- fixed length control field: 200107|| aca||aabn | a|a d
040 ## - CATALOGING SOURCE
- Original cataloging agency: NUST
- Transcribing agency: NUST
100 ## - HEADING--PERSONAL NAME
- Personal name: George, Elizabeth,
670 ## - SOURCE DATA FOUND
- Source citation: Work cat.: (NUST): George, Elizabeth, 1949- 14292, A traitor to memory ., 2001.
